Anais do Seminario Internacional os Desafios Contemporaneos para os Dereitos Humanos /
El documento presenta un análisis acerca de los Derechos Humanos, acerca de las dificultades vividas para garantizar las efectividad y el cumplimiento de los derechos humanos y la construcción de la paz.
Guardado en:
| Autor principal: | |
|---|---|
| Otros Autores: | |
| Formato: | Texto |
| Publicado: |
Recife Pernambuco:
Grafica Provisual Divisao Grafica
2005
|
| Materias: | |
| Etiquetas: |
Agregar Etiqueta
Sin Etiquetas, Sea el primero en etiquetar este registro!
|
MARC
| LEADER | 00000 a a2200000 04500 | ||
|---|---|---|---|
| 001 | 34398 | ||
| 003 | cru CIDCACS/IIS | ||
| 005 | 20230619085141.0 | ||
| 007 | ta | ||
| 008 | 161014b2005 bl |||| |||| 00| 0 pord | ||
| 040 | |a cru CIDCACS |c cru CIDCACS | ||
| 090 | |a 04.02.01 A553a | ||
| 100 | |a Andrade Melo, Ronidalva de | ||
| 245 | |a Anais do Seminario Internacional os Desafios Contemporaneos para os Dereitos Humanos / |c Ronidalva de Andrade Melo y Ana Elisabete Tavares Bezerra | ||
| 260 | |a Recife Pernambuco: |b Grafica Provisual Divisao Grafica |c 2005 | ||
| 300 | |a 286 páginas | ||
| 520 | |a El documento presenta un análisis acerca de los Derechos Humanos, acerca de las dificultades vividas para garantizar las efectividad y el cumplimiento de los derechos humanos y la construcción de la paz. | ||
| 650 | 1 | 0 | |9 449 |a CRIMEN ORGANIZADO |
| 650 | 0 | |9 7386 |a VIOLACION A LOS DERECHOS HUMANOS | |
| 650 | 1 | 0 | |9 284 |a POBREZA |
| 650 | 1 | 0 | |9 423 |a CONDICIONES DE VIDA |
| 650 | 0 | |9 4507 |a FINES DE LA EDUCACION | |
| 700 | |a Tavares Bezerra, Ana Elisabete | ||
| 942 | |2 ddc |c LI |h 04.02.01 A553a |i 00751 |6 040201_A553A_00751 | ||
| 999 | |c 8507 |d 8507 | ||
